| 000 | 00950nam a2200301 a 4500 | ||
|---|---|---|---|
| 003 | AR-BaBNM | ||
| 005 | 20251128202835.0 | ||
| 008 | 082120s2002 ||||||||||||||000 | spa|| | ||
| 040 | _cAR-BaBNM | ||
| 100 | 1 | _aPrampolini, Santiago | |
| 245 | 0 | 0 |
_aHistoria universal de la literatura _bliteraturas ibéricas y francesa hasta fin del siglo XVI : España, Francia e Inglaterra : siglo XVII. 7 |
| 260 |
_aBuenos Aires _bUteha Argentina _c1940 |
||
| 300 |
_a594 p. _bil., gráfs. |
||
| 500 | _aContiene índice alfabético de autores y obras en p. 555 | ||
| 650 | 4 | _aLITERATURA EUROPEA | |
| 650 | 4 | _aHISTORIA LITERARIA | |
| 650 | 4 | _aINVESTIGACION LITERARIA | |
| 650 | 4 | _aRENACIMIENTO | |
| 650 | 4 | _aHUMANISMO | |
| 650 | 4 | _aTRADICION ORAL | |
| 650 | 4 | _aRELIGION | |
| 650 | 4 | _aLITERATURA FOLKLORICA | |
| 655 | _aLITERATURA | ||
| 700 | 1 |
_aPijoan, José _edirector |
|
| 700 | 1 |
_aPonzanelli, Dante _etraductor |
|
| 942 | _cBK | ||
| 998 | _cMARTIN | ||
| 999 |
_c830 _d830 |
||